[Event "Oviedo op 10th"]
[Site "Oviedo"]
[Date "2024.08.05"]
[Round "1"]
[White "Larkin, Vladislav"]
[Black "Junquera Guerrero, David"]
[Result "1-0"]
[WhiteElo "2471"]
[BlackElo "1834"]
[PlyCount "55"]
[EventDate "2024.08.05"]
[EventType "swiss"]
[EventRounds "9"]
[EventCountry "ESP"]
[SourceTitle "CBM 221 Extra"]
[Source "ChessBase"]
[SourceDate "2024.09.30"]
[SourceVersion "1"]
[SourceVersionDate "2024.09.30"]
[SourceQuality "1"]

1. e4 c5 2. Ne2 Nc6 3. Nbc3 e5 4. g3 g6 5. Bg2 Bg7 6. 0-0 Nge7 7. Nd5 0-0 8. c3 d6 9. d3 Be6 10. Be3 f5 11. Qd2 b5 12. Nxe7+ Qxe7 13. exf5 Bd7 14. fxg6 hxg6 15. d4 cxd4 16. cxd4 Rac8 17. d5 Nb8 18. Rac1 Bf5 19. h3 a6 20. g4 Bd7 21. Rxc8 Rxc8 22. Rc1 Rf8 23. Rc7 Qd8 24. Qc2 Qf6 25. Ng3 e4 26. Nxe4 Qxb2 27. Qxb2 Bxb2 28. Ba7 1-0

[Event "ESP-ch U14"]
[Site "Salobrena"]
[Date "2022.07.20"]
[Round "5"]
[White "Reyero Castro, Jorge"]
[Black "Junquera Guerrero, David"]
[Result "0-1"]
[WhiteElo "1760"]
[BlackElo "1477"]
[PlyCount "135"]
[EventDate "2022.07.18"]
[EventType "swiss"]
[EventRounds "9"]
[EventCountry "ESP"]
[SourceTitle "EXT 2023"]
[Source "ChessBase"]
[SourceDate "2022.10.05"]
[SourceVersion "1"]
[SourceVersionDate "2022.10.05"]
[SourceQuality "1"]

1. e4 c5 2. Nf3 d6 3. d4 cxd4 4. Nxd4 Nf6 5. Nc3 a6 6. Bg5 e6 7. f4 Qb6 8. Nb3 Qe3+ 9. Qe2 Ng4 10. Rc1 Be7 11. Bxe7 Kxe7 12. h3 Qg3+ 13. Kd2 Qxf4+ 14. Ke1 Qg3+ 15. Kd2 Nf2 16. Rg1 Nxh3 17. Rh1 Nf2 18. Rh5 g6 19. Ra5 Nc6 20. Ra3 Qf4+ 21. Ke1 Ng4 22. Rd1 Ne3 23. Rd3 Qxf1+ 24. Qxf1 Nxf1 25. Kxf1 Nb4 26. Rd2 Bd7 27. Nd4 Nc6 28. Rb3 Nxd4 29. Rxd4 b5 30. a4 bxa4 31. Nxa4 Bxa4 32. Rxa4 Rhb8 33. Rab4 Rxb4 34. Rxb4 Rc8 35. c3 Rc5 36. Ra4 a5 37. Ke2 d5 38. e5 f6 39. b4 axb4 40. Ra7+ Kf8 41. cxb4 Rb5 42. Ra8+ Kg7 43. Ra7+ Kh6 44. exf6 Rxb4 45. Re7 Re4+ 46. Kf3 Re5 47. f7 Kg7 48. f8Q+ Kxf8 49. Rxh7 Rf5+ 50. Ke3 Rf7 51. Rh8+ Ke7 52. Ra8 e5 53. Ra6 Rf6 54. Ra7+ Ke6 55. g4 d4+ 56. Kd3 Rf3+ 57. Ke2 Rg3 58. Ra6+ Kf7 59. Ra5 Kf6 60. Ra6+ Kg5 61. Re6 Kxg4 62. Rxe5 Re3+ 63. Rxe3 dxe3 64. Kxe3 g5 65. Ke2 Kh3 66. Kf1 g4 67. Kg1 g3 68. Kh1 0-1